| 000 | 00772nam a2200217 a 4500 | ||
|---|---|---|---|
| 001 | 64149 | ||
| 003 | BD-RjUL | ||
| 005 | 20211209081257.0 | ||
| 008 | 170209s19891976ii 000 1 eng d | ||
| 035 | _a(BD-RjUL)64279 | ||
| 040 |
_aBD-RjUL _cBD-RjUL _dBD-RjUL _beng |
||
| 041 | _aeng | ||
| 082 | 0 | 0 |
_a823 _223 _bGIS 1989 |
| 100 | 1 |
_aGidwani, B. S. _9190521 |
|
| 245 | 1 | 4 |
_aThe sword of Tipu Sultan : _ba historical novel about the life and legend of Tipu Sultan of India / _cBhagwan S. Gidwani. |
| 260 |
_aBombay : _bAllied Publishers, _c1976 [reprinted 1989] |
||
| 300 |
_axviii, 372 p. ; _c22 cm. |
||
| 600 | 2 | 0 |
_aTipu Sultan, Fath ʻAli, _cNawab of Mysore, _d1753-1799 _xFiction. _9190532 |
| 651 | 0 |
_aKarnataka (India) _xKings and rulers _xFiction. _9190523 |
|
| 942 |
_2ddc _cBK |
||
| 999 |
_c64149 _d64149 |
||